00431nam a22001577a 450000500170000001000150001702000260003203500140005803700130007208200130008510000160009824500520011426000470016627000400021330000200025320170505144852.0 aENG-118054 a9789382634096c475.00 aEN-101586 bDBAD/PUB a363.7392 aJha, Pushpa aAir pollution & globak warming /cby Pushpa Jha aKhusrobagh RoadbMeenakshi Prakashanc2016 a5, Khusrobagh Road Allahabad-211001 a152pc22cm.[Hb]